Una historia de la filosofía latinoamericana /

Estudio crítico sobre el libro de Carlos Beorlegui descrito en la nota 1 (1- Carlos Beorlegui, Historia del pensamiento filosófico latinoamericano. Una busqueda incesante de identidad. Bilbao: Umiversidad de Deusto, 2004; 895 pp.) \Carlos Beorlegui, profesor de antropología filosófica y de historia...

Full description

Bibliographic Details
Main Author: Sobrevilla Alcázar, David
Format: Analitica de revista
Language:Spanish
Published: Santiago, Chile Universidad de Chile 2007
Subjects:
Online Access:Acceso electrónico al documento

MARC

LEADER 00000cab a2200000 a 4500
001 040433
003 UAHC_CL
005 20170803124444.0
008 011121s2007 cl 000 spa
040 |a UAHC_CL  |c UAHC_CL  |d UAHC_CL 
100 1 |a Sobrevilla Alcázar, David 
245 1 4 |a Una historia de la filosofía latinoamericana /  |c David Sobrevilla Alcázar. 
260 |b Universidad de Chile  |c 2007  |a Santiago, Chile 
300 |a pp. 87-97 
500 |a En: Revista de filosofía, no. 63, 2007. p. 97-97. ISSN 00348236. 
500 |a En: Revista de filosofía, no. 63, 2007. p. 97-97. ISSN 00348236. 
520 |a Estudio crítico sobre el libro de Carlos Beorlegui descrito en la nota 1 (1- Carlos Beorlegui, Historia del pensamiento filosófico latinoamericano. Una busqueda incesante de identidad. Bilbao: Umiversidad de Deusto, 2004; 895 pp.) \Carlos Beorlegui, profesor de antropología filosófica y de historia de la filosofía española en la Universidad de Deusto, ha publicado recientemente una extensa Historia del pensamiento filosófico latinoamericano. Una busqueda incesante de identidad. Antes había escrito dos libros dedicados a antropología filosófica y dos al pensamiento de Juan David Garcia Bacca. 
520 |a Estudio crítico sobre el libro de Carlos Beorlegui descrito en la nota 1 (1- Carlos Beorlegui, Historia del pensamiento filosófico latinoamericano. Una busqueda incesante de identidad. Bilbao: Umiversidad de Deusto, 2004; 895 pp.) \Carlos Beorlegui, profesor de antropología filosófica y de historia de la filosofía española en la Universidad de Deusto, ha publicado recientemente una extensa Historia del pensamiento filosófico latinoamericano. Una busqueda incesante de identidad. Antes había escrito dos libros dedicados a antropología filosófica y dos al pensamiento de Juan David Garcia Bacca. 
650 4 |a FILOSOFIA LATINOAMERICANA 
650 4 |a Liberación (Filosofía) 
650 4 |a Liberación (Filosofía) 
653 |a ANTROPOLOGIA 
759 |a PP134 
773 0 |t Revista de Historia Indígena.  |w 034069 
856 |u http://www.revistafilosofia.uchile.cl/index.php/RDF/article/viewFile/17485/18256  |3 Acceso electrónico al documento  |y Acceso electrónico al documento 
856 |u http://www.revistafilosofia.uchile.cl/index.php/RDF/article/viewFile/17485/18256  |3 Acceso electrónico al documento  |y Acceso electrónico al documento 
900 |a REV. FILOS.-63/07 
942 |c REVA 
952 |0 0  |1 0  |4 0  |6 REV___FILOS_63_07_000000000000000  |7 0  |8 General  |9 76156  |a BC  |b BC  |c General  |d 2017-08-03  |l 0  |o REV. FILOS.-63/07  |p FICTICIO15073  |r 2019-01-08 00:00:00  |t 1  |w 2017-08-03  |y REVA 
999 |c 40433  |d 40433